000 00837nam a2200193Ii 4500
003 JO-AjNU
008 230605s9999||||xx |||||||||||||| ||und||
040 _aJO-AjNU
_bara
_erda
_cJO-AjNU
041 _aara
050 1 4 _aHG1616 2012
100 3 _aاعداد الشوادفي، محمد غمري,
_eauthor
_944830
245 0 0 _aالعلاقة بين الاداء الالكتروني للخدمات والولاء التنظيمي :دراسة تطبيقية على الخدمة البنكية
264 3 1 _aالقاهرة: المنظمة العربية للتنمية الادارية، 2012
300 _a57ص
_bيحتوي على ببلوغرافية من 53-57ص
336 _atext
_btxt
_2rdacontent
337 _aunmediated
_bn
_2rdamedia
338 _avolume
_bnc
_2rdacarrier
650 4 _aالاداء الالكتروني
_944831
999 _aA19387
_c22955
_d22955